00975nam a2200253 a 450000100100000000500170001000800410002702000150006804000250008308200190010810000210012724000480014824501900019626000700038630000330045653400570048950000340054665000150058065000150059565000240061070000200063470000390065470000280069300002372920200930022425.0110112s1996 xxua 000 | spa d a0201653680 aDO-SdBNPbspacBNPHU a620.104bB411d1 aBedford, Anthony10aEngineering mechanics: dynamics.lEspañol10aDinámica :bmecánica para ingeniería /cAnthony Bedford y Wallace Fowler ; versión en español de José E. de la Cera Alonso ; con la colaboración de Antonio Martín-Lunas. aDelaware, Estados Unidos :bAddison-Wesley Iberoamericana,c1996. axvi, 548 p. :bil. ;c26 cm. aTítulo original :tEngineering mechanics: dynamics aIncluye índice de materias. 4aDinámica 4aEstática 4aMecánica aplicada1 aFowler, Wallace1 aCera Alonso, José E. de la,etr.1 aMartín-Lunas, Antonio